All Battleships in the Imperial Japanese Navy - Statistics

General Stats
  • This quiz has been taken 174 times
  • The average score is 17 of 24
Answer Stats
Ship Class Name % Correct
Kongo Class Kongo
99%
Yamato Class Yamato
99%
Ise Class Ise
96%
Nagato Class Nagato
96%
Fuso Class Fuso
95%
Fuji Class Fuji
94%
Kawachi Class Kawachi
94%
Satsuma Class Satsuma
94%
Shikishima Class Shikishima
94%
Musashi
91%
Katori Class Katori
90%
Hiei
74%
Kirishima
73%
Hyuga
71%
Haruna
68%
Mutsu
68%
Yamashiro
65%
(Only Ship in Class) Mikasa
50%
Settsu
39%
(Only Ship in Class) Asahi
32%
Yashima
28%
Aki
27%
Kashima
26%
Hatsuse
25%
No matching quizzes found
Score Distribution
Percent of People with Each Score
Percentile by Number Answered
Your Score History
You have not taken this quiz